Mahajan's Methods in Biostatistics for Medical Students and Research Workers (Record no. 61110)

MARC details
000 -LEADER
fixed length control field 00559nam a22002057a 4500
003 - CONTROL NUMBER IDENTIFIER
control field OSt
005 - DATE AND TIME OF LATEST TRANSACTION
control field 20240628130836.0
008 - FIXED-LENGTH DATA ELEMENTS--GENERAL INFORMATION
fixed length control field 240628b |||||||| |||| 00| 0 eng d
020 ## - INTERNATIONAL STANDARD BOOK NUMBER
International Standard Book Number 978-93-5270-310-4
040 ## - CATALOGING SOURCE
Transcribing agency Trident
082 ## - DEWEY DECIMAL CLASSIFICATION NUMBER
Item number BAN
Classification number 610
100 ## - MAIN ENTRY--PERSONAL NAME
Personal name Bratati Banerjee
9 (RLIN) 45377
245 ## - TITLE STATEMENT
Title Mahajan's Methods in Biostatistics for Medical Students and Research Workers
250 ## - EDITION STATEMENT
Edition statement 9th
260 ## - PUBLICATION, DISTRIBUTION, ETC.
Place of publication, distribution, etc. New Delhi
Name of publisher, distributor, etc. Jaypee Brothere
Date of publication, distribution, etc. 2018
300 ## - PHYSICAL DESCRIPTION
Extent xiii,459;
500 ## - GENERAL NOTE
General note Book Quantity-2
650 ## - SUBJECT ADDED ENTRY--TOPICAL TERM
Topical term or geographic name entry element Bio Medical
9 (RLIN) 42048
942 ## - ADDED ENTRY ELEMENTS (KOHA)
Source of classification or shelving scheme Dewey Decimal Classification
Koha item type Books
Suppress in OPAC No
Holdings
Withdrawn status Lost status Source of classification or shelving scheme Damaged status Not for loan Home library Current library Shelving location Date acquired Total Checkouts Full call number Barcode Date last seen Price effective from Koha item type
    Dewey Decimal Classification     Central Library, Trident Academy of Technology Central Library, Trident Academy of Technology General Stacks 06/28/2024   BAN 61183 06/28/2024 06/28/2024 Books
    Dewey Decimal Classification     Central Library, Trident Academy of Technology Central Library, Trident Academy of Technology General Stacks 06/28/2024   BAN 61184 06/28/2024 06/28/2024 Books
Trident Academy of Technology © 2023.
All rights reserved.                                                                                                                                                                                                        Designed by Team of Central Library .

Powered by Koha